| 000 | 00724cam a2200217 a 4500 | ||
|---|---|---|---|
| 001 | 3469577 | ||
| 005 | 20250520180914.0 | ||
| 008 | 930726s1994 nyua b 000 0deng | ||
| 020 | _a007071343X (v. 1 : acidfree paper) | ||
| 020 | _a0070713472 (v. 2 : acidfree paper) | ||
| 050 | 0 | 0 |
_aCB69 _b.W63 1994 |
| 082 | 0 | 0 |
_a909 _220 |
| 100 | 1 |
_aWolf, Ken, _d1943- |
|
| 245 | 1 | 0 |
_aPersonalities and problems : _binterpretive essays in world civilizations / _cKen Wolf ; illustrations by John Stephen Hatton. |
| 260 |
_aNew York : _bMcGraw-Hill, _cc1994. |
||
| 300 |
_a2 v. : _bill. ; _c21 cm. |
||
| 500 | _aCover title: Personalities & problems. | ||
| 650 | 0 |
_aCivilization _xHistory. |
|
| 650 | 0 | _aBiography. | |
| 942 |
_2lcc _cBK _n0 |
||
| 999 |
_c5866 _d5866 |
||